| 000 | 01178nam0a22004211 4500 | ||
|---|---|---|---|
| 001 | RU\NLR\A1SV\4494 | ||
| 005 | 20251203171251.9 | ||
| 035 | _a(NLR Aleph) 009690456 | ||
| 090 |
_a9733903 _c9733903 |
||
| 100 | _a19980313d1925 u y0rusy50 ca | ||
| 101 | 0 | _arus | |
| 102 | _aRU | ||
| 200 | 1 |
_aВоенно-грузинская дорога _e10 ил. и к. _fСергей Анисимов |
|
| 210 |
_aМ. _cИзд-во ВЦСПС _d1925 |
||
| 215 |
_aVI, 205 с., [12] л. ил., схем., к. _d18 см |
||
| 225 | _aЭкскурс. книжки чл. профсоюза | ||
| 620 | _dМосква | ||
| 700 | 1 |
_aАнисимов _bС.С. _f1876-1948 _gСергей Сергеевич |
|
| 801 | 0 |
_aRU _bNLR _c19980313 |
|
| 899 |
_aРНБ _j25/375 |
||
| 899 | _aРГБ | ||
| 899 | _aНБ РК | ||
| 899 | _aКОНБ | ||
| 899 | _aВГБ | ||
| 899 | _aБАН | ||
| 899 | _aИОГУНБ | ||
| 899 | _aКирОУНБ | ||
| 899 | _aРКП | ||
| 899 | _aНБЛ КГУ | ||
| 899 | _aГБ РУз. | ||
| 899 | _aГПИБ | ||
| 899 | _aУОНБ | ||
| 899 | _aНБ ТГУ | ||
| 942 | _cBOOK | ||
| 980 | _aNB | ||
| 980 | _aA1SV | ||
| 980 | _aA1SV | ||